Využiteľnosť finančnej analýzy pri hodnotení potencionálnych finančných problémov účtovných jednotiek v SR bakalárska práca

Guardado en:
Detalles Bibliográficos
Autor principal: Čierna, Eva
Autor Corporativo: Fakulta hospodárskej informatiky EU. Katedra účtovníctva a audítorstva
Otros Autores: Stanková, Adriana, 1990-
Formato: Libro
Lenguaje:eslovaco
Publicado: Bratislava 2017
Etiquetas: Agregar Etiqueta
Sin Etiquetas, Sea el primero en etiquetar este registro!

MARC

LEADER 00000nbm a2200000 4500
001 0233053
005 20180412131125.5
041 0 |a slo 
044 |a SK 
245 1 0 |a Využiteľnosť finančnej analýzy pri hodnotení potencionálnych finančných problémov účtovných jednotiek v SR  |b bakalárska práca  |c Eva Čierna ; školiteľ: Adriana Stanková 
264 1 |a Bratislava  |c 2017 
300 |a 50 s. 
100 1 |a Čierna, Eva 
700 1 |a Stanková, Adriana, 1990- 
710 2 |a Fakulta hospodárskej informatiky EU. Katedra účtovníctva a audítorstva